000 00831nmm a2200265 a 4500
001 ocm0001411470
003 TR-IsHL
005 20201028163521.0
008 160220s2016 tu tur
007 cr cn
020 _a9786059272179
035 _a1411470
_b(N$T)
050 0 4 _aPL248.U58
_bB8 2016
090 0 4 _aPL248.U58
_bB8 2016
100 1 _aÜnver, İsmail
245 1 0 _aBulutlara yazılmış cinayetler
_h[electronic resource] /
_cİsmail Ünver
260 _aİstanbul :
_bAZ Kitap,
_c2016
300 _a209 p.
650 4 _aDil ve Edebiyat
650 4 _aLanguage and Literature
650 0 _aTürk romanı
650 0 _aTurkish fiction
650 7 _aLITERARY COLLECTIONS / Middle Eastern
_2bisacsh
856 4 0 _uhttp://search.ebscohost.com/login.aspx?direct=true&scope=site&db=e011xww&AN=1411470
999 _c15370
_d15370